000 00359nam a2200133Ia 4500
005 20260326235451.0
008 260326s9999||||xx |||||||||||||| ||und||
100 _ade la Rosa, Moisés
245 0 _aCalles de Santa Fe de Bogotá /
_cMoisés de la Rosa
260 _bLuis E. Jiménez Llaña
300 _a349 p.
650 _aARQUITECTURA COLONIAL
942 _cBK
999 _c7782
_d7782